2016 World T20 Cricket - The New Zealand Team - Statistics

General Stats
  • This quiz has been taken 120 times
  • The average score is 11 of 15
Answer Stats
hint player % Correct
bat Kane Williamson
97%
fast bowler Tim Southee
95%
fast bowler Trent Boult
92%
bat Martin Guptill
89%
spin bowler Ish Sodhi
84%
all-rounder Mitchell Santner
84%
bat Ross Taylor
83%
wicketkeeper Luke Ronchi
77%
all-rounder Nathan McCullum
77%
all-rounder Corey Anderson
75%
all-rounder Colin Munro
66%
fast bowler Adam Milne
63%
all-rounder Grant Elliott
47%
bat Henry Nicholls
45%
fast bowler Mitchell McClenaghan
45%
No matching quizzes found
Score Distribution
Percent of People with Each Score
Percentile by Number Answered
Your Score History
You have not taken this quiz